An incalculable burden (Record no. 76502)

MARC details
000 -LEADER
fixed length control field 01060cab a2200193 4500
001 - CONTROL NUMBER
control field ##L132579
008 - FIXED-LENGTH DATA ELEMENTS--GENERAL INFORMATION
fixed length control field 060220n2006 000 0 eng u
035 ## - SYSTEM CONTROL NUMBER
System control number (Sirsi) u132579
041 0# - LANGUAGE CODE
Language code of text/sound track or separate title eng
100 1# - MAIN ENTRY--PERSONAL NAME
Personal name Jansen, Mark
245 03 - TITLE STATEMENT
Title An incalculable burden
260 ## - PUBLICATION, DISTRIBUTION, ETC.
Date of publication, distribution, etc. 2006
490 #0 - SERIES STATEMENT
Series statement Property Week
Volume/sequential designation 71(6) 10 February 2006, 70-72(3)
520 ## - SUMMARY, ETC.
Summary, etc. Senior valuers have voiced their opinions of the planning gain supplement. The government proposes to tax the increase in value when land receives planning permission, claiming that this money is needed to pay for infrastructure such as roads, railways, schools and hospitals. Nevertheless, it was argued that if the valuations on which the tax would be based is inaccurate, it will undermine developers' ability to agree on a payment with the tax authorities. The senior valuers also stressed that the tax might be boycotted on widespread scale.
590 ## - LOCAL NOTE (RLIN)
Local note IKA280206
650 24 - SUBJECT ADDED ENTRY--TOPICAL TERM
Topical term or geographic name entry element PLANNING GAIN SUPPLEMENT
690 ## - LOCAL SUBJECT ADDED ENTRY--TOPICAL TERM (OCLC, RLIN)
Topical term or geographic name as entry element PROPERTY-PROPERTY VALUATION AND APPRAISAL-TAXATION VALUATION
942 ## - ADDED ENTRY ELEMENTS (KOHA)
Suppress in OPAC 0
Holdings
Withdrawn status Lost status Source of classification or shelving scheme Damaged status Not for loan Home library Current library Shelving location Date acquired Total Checkouts Full call number Barcode Date last seen Copy number Price effective from Koha item type
    Dewey Decimal Classification     London London Journal article 20/02/2006   L132579 132579-1001 06/08/2019 1 06/08/2019 Journal article